00529nam a2200205Ia 450000500170000000800460001702000180006303700100008104000080009104000080009904000080010704100080011504100080012308400080013110000150013924500840015426000230023826000090026185600530027020260121161147.0008 260114s9999 xx 000 0 eng d a9781351004305 aEBOOK aCRL beng cCRL 2eng aeng qCRL aAlice Eden 0aSpirituality, Feminism, and Pre-Raphaelitism in Modern British Art and Culture: bTaylor and Francis c2024 uhttp://www.taylorfrancis.com/books/9781351004305